000 00388 a2200145 4500
001 168097
020 _a
040 _cMagnum
100 _aFrago, Antonio Vinao
240 1 0 _aAlfabetizacao na sociedade e na historia: vozes, palavras e textos
_lpor
245 1 0 _aAlfabetizacao na sociedade e na historia: vozes, palavras e textos
362 0 _a1899
697 _aENSINO
942 _cBK
999 _c168097
_d168097